|
|
|
|
| LEADER |
00000nab a2200000 a 4500 |
| 001 |
vtls000778236 |
| 003 |
SK-MaSNL |
| 005 |
20260305035723.0 |
| 008 |
180206c2001 xo 0 slo |
| 015 |
|
|
|a SNBRB2002/01-00517
|
| 035 |
|
|
|a CLN000130017
|
| 040 |
|
|
|a SNKBUCL
|b slo
|c SNKBUCL
|e AACR2
|
| 041 |
0 |
|
|a slo
|
| 044 |
|
|
|a xo
|c SK
|
| 080 |
|
|
|a 336.712(437.6):347.736
|2 UDC-MRF-SK2
|
| 100 |
1 |
|
|a Jancura, Vladimír,
|d 1948-
|4 aut
|9 264957
|
| 245 |
1 |
0 |
|a Devín banka sa pripravila o pol miliardy korún
|c Vladimír Jancura
|
| 610 |
|
7 |
|a Devín banka (Slovensko)
|x bankrot
|2 snkbucl
|9 841992
|
| 655 |
|
7 |
|a články z novín a časopisov
|2 snkbucl
|9 267496
|
| 773 |
0 |
|
|x 1335-4051
|t Pravda
|g Roč. 11, č. 281 (7.12.2001), s. 1 a 6
|
| 850 |
|
|
|a Slovenská národná knižnica v Martine
|
| 852 |
|
|
|a SNK
|b KIS3GCP
|
| 958 |
|
|
|a RBX
|
| 999 |
|
|
|c 3335126
|d 3337056
|